000 00724nam a2200217Ii 4500
003 JO-AjNU
008 230605s9999||||xx |||||||||||||| ||und||
017 _a2009/16228
020 _a977-6190-57-X
040 _aJO-AjNU
_bara
_erda
_cJO-AjNU
041 _aara
050 1 4 _aG156.5 2010
100 3 _aحافظ، محمد عبده,
_eauthor
_933942
245 0 0 _aتنشيط المبيعات السياحية
264 3 1 _aالقاهرة: دار السحاب للنشر والتوزيع، 2010
300 _a180ص
336 _atext
_btxt
_2rdacontent
337 _aunmediated
_bn
_2rdamedia
338 _avolume
_bnc
_2rdacarrier
650 4 _aصناعة السياحة-السياحة-ادارة المبيعات
_933943
999 _aA13865
_c17433
_d17433